Dictionary of literary pseudonyms : a selection of popular modern writers in English /

Bibliographic Details
Main Author: Atkinson, Frank, 1922-
Format: Book
Language:English
Published: London : Bingley, 1982.
Edition:3rd enl. ed.
Subjects:

MARC

Tag First Indicator Second Indicator Subfields
LEADER 00000cam a2200000 a 4500
001 in00000084401
005 20151008061351.0
008 820422s1982 enk d 00010 eng d
020 |a 0851573231 
035 |a (OCoLC)08363383 
035 |9 AAJ7901AM 
040 |a HLS  |c HLS  |d TXA  |d UtOrBLW 
049 |a TXAF [Also in] [Proc]  |c 1 [1443164]  |c 2 [A05964426] 
090 |a Z1041  |b .A84 1982 
100 1 |a Atkinson, Frank,  |d 1922- 
245 1 0 |a Dictionary of literary pseudonyms :  |b a selection of popular modern writers in English /  |c Frank Atkinson. 
250 |a 3rd enl. ed. 
264 1 |a London :  |b Bingley,  |c 1982. 
300 |a 305 pages ;  |c 23 cm. 
336 |a text  |b txt  |2 rdacontent 
337 |a unmediated  |b n  |2 rdamedia 
338 |a volume  |b nc  |2 rdacarrier 
500 |a First edition published in 1975 under title: Dictionary of pseudonyms and pen-names. 
650 0 |a Anonyms and pseudonyms. 
999 |a MARS 
999 f f |s fcadcf40-0cc7-3ddb-a60e-d2fa230346b1  |i 5883a19e-a9b4-3e94-936d-c515921aab1c  |t 0 
952 f f |p ric  |a Texas A&M University  |b Rellis Campus  |c Joint Library Facility  |d Remote Storage  |t 0  |e Z1041 .A84 1982  |h Library of Congress classification  |i unmediated -- volume  |m A14806263506 
998 f f |a Z1041 .A84 1982  |t 0  |l Remote Storage